A. WESLEY POWELL LEARNING RESOURCE CENTRE (WPLRC)

Wonderful Place to Learn, Research & Collaborate

The word processing book : (Record no. 4860)

MARC details
000 -LEADER
fixed length control field 00775cam a2200229 a 4500
001 - ACCESSION NUMBER
control field 26258
003 - CONTROL NUMBER IDENTIFIER
control field OSt
005 - DATE AND TIME OF LATEST TRANSACTION
control field 20151112164352.0
008 - FIXED-LENGTH DATA ELEMENTS--GENERAL INFORMATION
fixed length control field 830620t19831982cauaf 000 0 eng
020 ## - INTERNATIONAL STANDARD BOOK NUMBER
International Standard Book Number 0345311051 (pbk.) :
Terms of availability $9.95
040 ## - CATALOGING SOURCE
Original cataloging agency DDC
Transcribing agency DDC
Modifying agency DDC
Language of cataloging Eng
050 00 - LIBRARY OF CONGRESS CALL NUMBER
Classification number Z52.4
Item number .M37 1983
082 00 - DEWEY DECIMAL CLASSIFICATION NUMBER
Classification number 001.64
100 1# - MAIN ENTRY--PERSONAL NAME
Personal name McWilliams, Peter.
245 14 - TITLE STATEMENT
Title The word processing book :
Remainder of title a short course in computer literacy /
Statement of responsibility, etc. by Peter A. McWilliams.
260 ## - PUBLICATION, DISTRIBUTION, ETC. (IMPRINT)
Place of publication, distribution, etc. Los Angeles, Calif. :
Name of publisher, distributor, etc. Prelude Press ;
Place of publication, distribution, etc. New York, N.Y. :
Name of publisher, distributor, etc. Distributed by Ballantine Books,
Date of publication, distribution, etc. 1983, c1982.
300 ## - PHYSICAL DESCRIPTION
Extent 281 p., [1] leaf of plates :
Other physical details ill. ;
Dimensions 23 cm.
650 #0 - SUBJECT ADDED ENTRY--TOPICAL TERM
Topical term or geographic name as entry element Word processing.
650 #0 - SUBJECT ADDED ENTRY--TOPICAL TERM
Topical term or geographic name as entry element Microcomputers.
906 ## - LOCAL DATA ELEMENT F, LDF (RLIN)
a 7
b cbc
c orignew
d 2
e ncip
f 19
g y-gencatlg
942 ## - ADDED ENTRY ELEMENTS (KOHA)
Source of classification or shelving scheme Dewey Decimal Classification
Koha item type Circ Books

No items available.